|
|
|
|
| LEADER |
01409nam a22003017a 4500 |
| 001 |
34814 |
| 003 |
BD-DhAAL |
| 005 |
20190801121900.0 |
| 008 |
190722r20172013bg 000 1 ben d |
| 999 |
|
|
|c 40902
|d 40902
|
| 020 |
|
|
|a 8789849043867
|
| 040 |
|
|
|a BD-DhAAL
|
| 041 |
|
|
|a ben
|
| 082 |
|
|
|a 891.44371
|
| 100 |
1 |
|
|a আহমেদ, হুমায়ূন,
|d ১৯৪৮-২০১২.
|9 6691
|
| 245 |
1 |
0 |
|a মিসির আলি সমগ্র,
|n ২ /
|c হুমায়ূন আহমেদ
|
| 246 |
|
|
|a Missir Ali samagra / 2
|
| 260 |
|
|
|a ঢাকা :
|b অনন্যা,
|c c২০১৩ [তৃতীয় মুদ্রণ ২০১৭]
|
| 300 |
|
|
|a ৩১৯ পৃষ্ঠা ;
|c ২২ সে.মি.
|
| 500 |
|
|
|a Novel.
|
| 526 |
|
|
|a Residential Campus
AAL
|
| 541 |
|
|
|a Development Book Agency
|e 34814, 34984
|
| 546 |
|
|
|a In Bengali.
|
| 651 |
|
0 |
|a Bangladesh
|x Fiction
|9 6692
|
| 852 |
|
|
|a Savar Campus Library
|c General Stacks
|
| 942 |
|
|
|2 ddc
|c BK
|
| 952 |
|
|
|0 0
|1 0
|2 ddc
|4 0
|6 891_443710000000000_AHM
|7 0
|9 65661
|a SCL
|b SCL
|c GEN
|d 2019-07-17
|e Development Book Agency
|g 531.00
|l 36
|m 34
|o 891.44371 AHM
|p 3020034814
|r 2026-04-20
|s 2026-04-06
|t 1
|v 531.00
|w 2019-07-17
|y BK
|
| 952 |
|
|
|0 0
|1 0
|2 ddc
|4 0
|6 891_443710000000000_AHM
|7 0
|9 65835
|a BRACUL
|b BRACUL
|c GEN
|d 2019-07-24
|e Development Book Agency
|g 531.00
|l 36
|m 135
|o 891.44371 AHM
|p 3010034984
|q 2026-06-02
|r 2026-05-20
|s 2026-05-20
|t 2
|v 531.00
|w 2019-07-24
|y BK
|